[Event "37. Copenhagen Open (Politiken Cup)"]
[Site "Elsinore"]
[Date "2015.08.01"]
[Round "9"]
[White "Holm, Kristian Stuvik"]
[Black "Glud, Jakob Vang"]
[Result "0-1"]
[WhiteElo "2398"]
[BlackElo "2531"]
[PlyCount "152"]
[EventDate "2015.07.25"]
[EventType "swiss"]
[EventRounds "10"]
[EventCountry "DEN"]
[Source "ChessBase"]
[SourceDate "2015.09.14"]

1. d4 d5 2. c4 e6 3. Nf3 Nf6 4. Nc3 Be7 5. Bg5 O-O 6. e3 Ne4 7. Bxe7 Qxe7 8.
Rc1 Nxc3 9. Rxc3 c6 10. Qc2 Nd7 11. Bd3 g6 12. O-O dxc4 13. Bxc4 e5 14. d5 Nb6
15. dxc6 bxc6 16. Rc1 Bb7 17. Bb3 Kg7 18. e4 Rfd8 19. h4 f6 20. a4 Qb4 21. h5
g5 22. h6+ Kxh6 23. a5 Qxa5 24. Nh2 Qb5 25. Ng4+ Kg7 26. Ne3 Kh8 27. Nf5 Rac8
28. Nh6 Kg7 29. Nf5+ Kh8 30. Rd1 Qb4 31. Rxd8+ Rxd8 32. Qe2 Bc8 33. Nh6 Rf8 34.
Qh5 Kg7 35. Nf7 Nd5 36. Qh6+ Kxf7 37. Qxh7+ Ke8 38. Bxd5 Bd7 39. Bxc6 Qd6 40.
Bd5 Kd8 41. Rd3 Re8 42. Bc4 Qe7 43. Rxd7+ Kxd7 44. Qh3+ Kc7 45. Bd5 Qc5 46. g3
Qd6 47. Qf5 Rh8 48. Qf3 Qc5 49. Qd1 Rb8 50. b3 Rh8 51. Kg2 Kb8 52. Qe2 Qb6 53.
Qd3 Rc8 54. Qd2 a5 55. Qd1 Ka7 56. Qd2 Rc5 57. Qd1 Rc7 58. Qd2 Qc5 59. Qd1 Rh7
60. Qd2 Qb4 61. Qe2 Rc7 62. Qf3 Qb6 63. Qd3 Rc1 64. Qf3 Rc2 65. Qf5 Kb8 66. Qf3
g4 67. Qf5 Re2 68. Kf1 Rd2 69. Kg2 Rc2 70. Kg1 a4 71. bxa4 Qb1+ 72. Kg2 Rc1 73.
Qxg4 Rg1+ 74. Kh2 Rh1+ 75. Kg2 Qf1+ 76. Kf3 Qd1+ 0-1

[Event "37. Copenhagen Open (Politiken Cup)"]
[Site "Elsinore"]
[Date "2015.08.01"]
[Round "9"]
[White "Holm, Ragnar"]
[Black "Vuilleumier, Alexandre"]
[Result "0-1"]
[WhiteElo "2124"]
[BlackElo "2357"]
[PlyCount "69"]
[EventDate "2015.07.25"]
[EventType "swiss"]
[EventRounds "10"]
[EventCountry "DEN"]
[Source "ChessBase"]
[SourceDate "2015.09.14"]

1. d4 Nf6 2. c4 e6 3. Nc3 Bb4 4. Qc2 O-O 5. Nf3 d5 6. a3 Bxc3+ 7. Qxc3 b6 8.
Bg5 dxc4 9. Qxc4 Ba6 10. Qa4 Qd5 11. Bxf6 gxf6 12. e3 Bxf1 13. Rxf1 Nd7 14. Rd1
b5 15. Qc2 b4 16. Ke2 Rab8 17. Rd2 bxa3 18. bxa3 Rb3 19. Rc1 Nb6 20. Qxc7 Qb5+
21. Ke1 Qa6 22. Qg3+ Kh8 23. Qh4 Nd7 24. d5 e5 25. Qg4 Qxa3 26. Rdc2 Qd6 27. e4
Rg8 28. Rc8 Rxc8 29. Rxc8+ Nf8 30. Nd2 Rb2 31. Qf5 Kg7 32. Rc6 Qe7 33. h4 h5
34. Qxh5 Qb4 35. Qd1 0-1

[Event "37. Copenhagen Open (Politiken Cup)"]
[Site "Elsinore"]
[Date "2015.08.01"]
[Round "9"]
[White "Howell, Alun"]
[Black "Ski, Jonathan K"]
[Result "1/2-1/2"]
[WhiteElo "1732"]
[BlackElo "1549"]
[PlyCount "41"]
[EventDate "2015.07.25"]
[EventType "swiss"]
[EventRounds "10"]
[EventCountry "DEN"]
[Source "ChessBase"]
[SourceDate "2015.09.14"]

1. d4 d5 2. c4 c6 3. Nc3 Nf6 4. Nf3 Bf5 5. e3 e6 6. Bd3 Bxd3 7. Qxd3 Be7 8. O-O
O-O 9. b3 Nbd7 10. Bb2 Rc8 11. Rac1 Re8 12. Rfd1 Bf8 13. h3 h6 14. Ne5 Nxe5 15.
dxe5 Nd7 16. Ne2 Nc5 17. Qd4 Ne4 18. cxd5 Qxd5 19. Qa4 Qb5 20. Qxe4 Qxe2 21.
Qc2 1/2-1/2

[Event "37. Copenhagen Open (Politiken Cup)"]
[Site "Elsinore"]
[Date "2015.08.01"]
[Round "9"]
[White "Hoyer, Jacob K"]
[Black "Jensen, Morten Frank"]
[Result "1-0"]
[WhiteElo "2202"]
[BlackElo "2028"]
[PlyCount "61"]
[EventDate "2015.07.25"]
[EventType "swiss"]
[EventRounds "10"]
[EventCountry "DEN"]
[Source "ChessBase"]
[SourceDate "2015.09.14"]

1. d4 g6 2. c4 Bg7 3. Nc3 c5 4. d5 Bxc3+ 5. bxc3 f5 6. e4 fxe4 7. f3 e3 8. Bxe3
Qa5 9. Qc2 d6 10. Bd3 Nf6 11. Ne2 Nbd7 12. Bf4 Rg8 13. O-O Nh5 14. Bg5 Ne5 15.
Rfe1 Bd7 16. Nf4 O-O-O 17. Nxh5 gxh5 18. f4 h6 19. fxe5 Rxg5 20. e6 Ba4 21. Qd2
Rdg8 22. Bf1 Be8 23. Re3 Qa4 24. Rb1 Bg6 25. Rb5 Qc2 26. Qxc2 Bxc2 27. Rb2 Bf5
28. Rf2 Kc7 29. h4 Rg3 30. Rxg3 Rxg3 31. Rxf5 1-0

[Event "37. Copenhagen Open (Politiken Cup)"]
[Site "Elsinore"]
[Date "2015.08.01"]
[Round "9"]
[White "Huse, Lars Paul"]
[Black "Ski, Alexander K"]
[Result "1/2-1/2"]
[WhiteElo "1170"]
[BlackElo "1445"]
[PlyCount "49"]
[EventDate "2015.07.25"]
[EventType "swiss"]
[EventRounds "10"]
[EventCountry "DEN"]
[Source "ChessBase"]
[SourceDate "2015.09.14"]

1. e4 e5 2. Nf3 Nc6 3. d4 exd4 4. Nxd4 Nxd4 5. Qxd4 d6 6. Qd1 Nf6 7. f3 g6 8.
Bd3 Bg7 9. Be3 O-O 10. c3 Qe7 11. Nd2 Nd7 12. O-O f5 13. Qe1 f4 14. Bf2 Ne5 15.
Bc2 Be6 16. Qe2 Kh8 17. Bb3 Bxb3 18. axb3 a6 19. Nc4 Qe6 20. g3 fxg3 21. Bxg3
Nxc4 22. Qxc4 Qxc4 23. bxc4 Be5 24. f4 Bf6 25. Rae1 1/2-1/2

[Event "37. Copenhagen Open (Politiken Cup)"]
[Site "Elsinore"]
[Date "2015.08.01"]
[Round "9"]
[White "Hvenekilde, Jorgen"]
[Black "Rasmussen, Morten Fredsgaard"]
[Result "1/2-1/2"]
[WhiteElo "2114"]
[BlackElo "1932"]
[PlyCount "31"]
[EventDate "2015.07.25"]
[EventType "swiss"]
[EventRounds "10"]
[EventCountry "DEN"]
[Source "ChessBase"]
[SourceDate "2015.09.14"]

1. e4 c6 2. d4 d5 3. e5 Bf5 4. Ne2 e6 5. Ng3 Bg6 6. c3 c5 7. Bd3 Nc6 8. O-O
Bxd3 9. Qxd3 g6 10. Be3 cxd4 11. Bxd4 Nxd4 12. cxd4 Bh6 13. Nc3 a6 14. Nd1 Ne7
15. Ne3 O-O 16. Rac1 1/2-1/2

[Event "37. Copenhagen Open (Politiken Cup)"]
[Site "Elsinore"]
[Date "2015.08.01"]
[Round "9"]
[White "Jacobsen, Fredrik Beer"]
[Black "Satre, Roger"]
[Result "1/2-1/2"]
[WhiteElo "2071"]
[BlackElo "1900"]
[PlyCount "60"]
[EventDate "2015.07.25"]
[EventType "swiss"]
[EventRounds "10"]
[EventCountry "DEN"]
[Source "ChessBase"]
[SourceDate "2015.09.14"]

1. Nf3 d5 2. c4 e6 3. e3 Nf6 4. Nc3 c5 5. d4 cxd4 6. Nxd4 Nc6 7. cxd5 Nxd5 8.
Nxd5 Qxd5 9. Nxc6 Qxc6 10. Qb3 Bd7 11. Bd2 Bd6 12. Rc1 Qa4 13. Qxa4 Bxa4 14.
Bd3 Bc6 15. O-O O-O 16. Rc2 Bd5 17. a3 Rfc8 18. Rfc1 Rxc2 19. Rxc2 Kf8 20. Bc3
h6 21. f3 Rd8 22. Bd4 b6 23. Ba6 e5 24. Bc3 f6 25. Kf2 Bb3 26. Rd2 Ke7 27. Ke2
Rd7 28. Rd3 Bc2 29. Rd2 Bb3 30. Rd3 Bc2 1/2-1/2

[Event "37. Copenhagen Open (Politiken Cup)"]
[Site "Elsinore"]
[Date "2015.08.01"]
[Round "9"]
[White "Jacobsen, Heidrikur Tindskar"]
[Black "Henrichsen, Jens"]
[Result "1-0"]
[WhiteElo "1902"]
[BlackElo "2047"]
[PlyCount "101"]
[EventDate "2015.07.25"]
[EventType "swiss"]
[EventRounds "10"]
[EventCountry "DEN"]
[Source "ChessBase"]
[SourceDate "2015.09.14"]

1. Nc3 c5 2. Nf3 a6 3. e4 d6 4. d4 cxd4 5. Nxd4 Nf6 6. a4 Nc6 7. Be2 e6 8. Be3
Be7 9. O-O O-O 10. Nb3 b6 11. f4 Qc7 12. Bf3 Rb8 13. Qe2 Re8 14. g4 Na5 15. Nd2
Bf8 16. g5 Nd7 17. Bg2 g6 18. h4 Bg7 19. h5 Bb7 20. hxg6 hxg6 21. Kf2 Rbc8 22.
Rh1 Nc4 23. Nxc4 Qxc4 24. Qg4 Nc5 25. Qf3 b5 26. axb5 axb5 27. Kg1 Bxc3 28.
bxc3 Qxe4 29. Rh8+ Kg7 30. Rh7+ Kf8 31. Qxe4 Nxe4 32. Bxe4 Bxe4 33. Ra7 Kg8 34.
Raxf7 Bxc2 35. Rb7 Rb8 36. Ra7 Ra8 37. Rag7+ Kf8 38. Bd4 e5 39. fxe5 Rxe5 40.
Bxe5 dxe5 41. Rb7 Kg8 42. Rhe7 Bd3 43. Rxe5 Rf8 44. Rbe7 Rf1+ 45. Kg2 Rf7 46.
Kg3 Kf8 47. Rxf7+ Kxf7 48. Kf4 Bf1 49. Re1 Bc4 50. Ke5 Ke7 51. Ra1 1-0

[Event "37. Copenhagen Open (Politiken Cup)"]
[Site "Elsinore"]
[Date "2015.08.01"]
[Round "9"]
[White "Jacobsen, Per"]
[Black "Mouritsen, Jan"]
[Result "1/2-1/2"]
[WhiteElo "1680"]
[BlackElo "1799"]
[PlyCount "108"]
[EventDate "2015.07.25"]
[EventType "swiss"]
[EventRounds "10"]
[EventCountry "DEN"]
[Source "ChessBase"]
[SourceDate "2015.09.14"]

1. b3 Nf6 2. Bb2 e6 3. Nf3 d5 4. e3 c5 5. Be2 Be7 6. O-O Nc6 7. d4 O-O 8. a3 b6
9. Nbd2 Bb7 10. Rc1 Rc8 11. dxc5 Bxc5 12. b4 Bd6 13. c4 Qe7 14. Bd3 Rfd8 15. g3
dxc4 16. Nxc4 Bc7 17. Qc2 Nxb4 18. axb4 Bxf3 19. Bxf6 Qxf6 20. Bxh7+ Kh8 21.
Be4 b5 22. Na5 Bxg3 23. fxg3 Rxc2 24. Rxc2 Qe5 25. Bxf3 Qxe3+ 26. Rcf2 Rd2 27.
Nc6 g6 28. Kg2 Rxf2+ 29. Rxf2 Qb3 30. h4 Kg7 31. Nxa7 Qxb4 32. Nc6 Qc3 33. Be4
Qc4 34. Rxf7+ Kg8 35. Rf4 Qe2+ 36. Kh3 g5 37. hxg5 Qh5+ 38. Rh4 Qe2 39. g6 Qf1+
40. Bg2 Qf5+ 41. g4 Qd3+ 42. Kh2 Qd6+ 43. Kg1 b4 44. Rh7 Qd1+ 45. Kf2 Qd2+ 46.
Kg3 Qe3+ 47. Kh4 Qf2+ 48. Kg5 Qe3+ 49. Kf6 Qf4+ 50. Kxe6 Qxg4+ 51. Kf6 Qf4+ 52.
Ke6 Qg4+ 53. Kf6 Qf4+ 54. Ke6 Qg4+ 1/2-1/2

[Event "37. Copenhagen Open (Politiken Cup)"]
[Site "Elsinore"]
[Date "2015.08.01"]
[Round "9"]
[White "Jarve, Edvin"]
[Black "Hjornevik, Knut Jarle"]
[Result "1-0"]
[WhiteElo "1637"]
[BlackElo "1958"]
[PlyCount "75"]
[EventDate "2015.07.25"]
[EventType "swiss"]
[EventRounds "10"]
[EventCountry "DEN"]
[Source "ChessBase"]
[SourceDate "2015.09.14"]

1. d4 Nf6 2. c4 e6 3. Nc3 Bb4 4. e3 O-O 5. Nge2 d5 6. a3 Bd6 7. Ng3 b6 8. cxd5
exd5 9. Be2 Re8 10. O-O Bb7 11. Bf3 a6 12. b3 Bf8 13. Bb2 Nc6 14. Qd2 Na5 15.
Bd1 c5 16. dxc5 bxc5 17. Bc2 Rc8 18. Rad1 g6 19. Nce2 Bg7 20. Nf4 Qb6 21. Bxf6
Bxf6 22. Nxd5 Bxd5 23. Qxd5 Red8 24. Qf3 Bg7 25. Rxd8+ Rxd8 26. Rd1 Bb2 27. a4
Rb8 28. Qd5 Nc6 29. Qd6 Rd8 30. Qf4 Nb4 31. Qc4 Rf8 32. h3 Be5 33. Ne4 Kg7 34.
Rd2 Nxc2 35. Qxc2 Qb4 36. Rd1 Rb8 37. Nxc5 Rd8 38. f4 1-0

[Event "37. Copenhagen Open (Politiken Cup)"]
[Site "Elsinore"]
[Date "2015.08.01"]
[Round "9"]
[White "Jensen, Jonbert"]
[Black "Shehzad, Alisha"]
[Result "1/2-1/2"]
[WhiteElo "1569"]
[BlackElo "1266"]
[PlyCount "51"]
[EventDate "2015.07.25"]
[EventType "swiss"]
[EventRounds "10"]
[EventCountry "DEN"]
[Source "ChessBase"]
[SourceDate "2015.09.14"]

1. e4 e5 2. Nf3 Nc6 3. Bc4 Bc5 4. d3 h6 5. a3 a5 6. O-O d6 7. h3 Nf6 8. Be3 O-O
9. Nc3 Be6 10. Nd5 Ba7 11. Qd2 Kh7 12. Nh4 Nxd5 13. exd5 Qxh4 14. Bxa7 Bxd5 15.
Bxd5 Rxa7 16. c3 Qg5 17. Qxg5 hxg5 18. Bxc6 bxc6 19. Rfe1 c5 20. Re4 f5 21. Ra4
Rfa8 22. g3 Kg6 23. Kg2 Kf6 24. f3 Ke6 25. Re1 Kd7 26. Re2 1/2-1/2

[Event "37. Copenhagen Open (Politiken Cup)"]
[Site "Elsinore"]
[Date "2015.08.01"]
[Round "9"]
[White "Jensen, Michael Agermose"]
[Black "Hansen, Anders1"]
[Result "1/2-1/2"]
[WhiteElo "1984"]
[BlackElo "1704"]
[PlyCount "54"]
[EventDate "2015.07.25"]
[EventType "swiss"]
[EventRounds "10"]
[EventCountry "DEN"]
[Source "ChessBase"]
[SourceDate "2015.09.14"]

1. e4 c5 2. Nf3 Nc6 3. d4 cxd4 4. c3 dxc3 5. Nxc3 e6 6. Bc4 Qc7 7. O-O a6 8.
Nd5 exd5 9. exd5 Nce7 10. Bb3 d6 11. Nd4 g6 12. Re1 Bg7 13. Bf4 Kf8 14. Rc1 Qd8
15. Rc2 h5 16. Rce2 Qb6 17. Be3 Qd8 18. Bg5 f6 19. Bd2 Bd7 20. Bb4 Qb6 21. Ba3
Bg4 22. Ne6+ Kf7 23. Bc5 Bxe2 24. Qxe2 dxc5 25. d6 Qxd6 26. Nc7+ Kf8 27. Ne6+
Kf7 1/2-1/2

[Event "37. Copenhagen Open (Politiken Cup)"]
[Site "Elsinore"]
[Date "2015.08.01"]
[Round "9"]
[White "Jensen, Thore Nyboe"]
[Black "Andersen, Morten"]
[Result "0-1"]
[WhiteElo "2008"]
[BlackElo "2174"]
[PlyCount "64"]
[EventDate "2015.07.25"]
[EventType "swiss"]
[EventRounds "10"]
[EventCountry "DEN"]
[Source "ChessBase"]
[SourceDate "2015.09.14"]

1. c4 Nc6 2. g3 d5 3. cxd5 Qxd5 4. Nf3 Nf6 5. Nc3 Qh5 6. Qb3 e5 7. d3 Bb4 8.
Bd2 O-O 9. h3 Bxc3 10. Bxc3 Be6 11. Qa4 Nd5 12. Bg2 Nxc3 13. bxc3 f5 14. Rb1 e4
15. g4 Qe8 16. dxe4 fxg4 17. hxg4 Bxg4 18. Rxb7 Bd7 19. Qc4+ Be6 20. Qc5 Bxa2
21. e5 Rd8 22. Rxc7 Bd5 23. c4 Nxe5 24. Re7 Qa4 25. cxd5 Qa1+ 26. Kd2 Qa2+ 27.
Ke1 Qa1+ 28. Kd2 Qb2+ 29. Ke1 Rc8 30. Rxg7+ Kxg7 31. Qe7+ Nf7 32. Rxh7+ Kg8 0-1

[Event "37. Copenhagen Open (Politiken Cup)"]
[Site "Elsinore"]
[Date "2015.08.01"]
[Round "9"]
[White "Jensen, Tommy"]
[Black "Carnstam, Tomas"]
[Result "0-1"]
[WhiteElo "1821"]
[BlackElo "2034"]
[PlyCount "66"]
[EventDate "2015.07.25"]
[EventType "swiss"]
[EventRounds "10"]
[EventCountry "DEN"]
[Source "ChessBase"]
[SourceDate "2015.09.14"]

1. Nf3 b6 2. d4 Bb7 3. c4 e6 4. Nc3 Nf6 5. Bg5 Be7 6. Qc2 d5 7. Bxf6 Bxf6 8.
cxd5 exd5 9. e3 O-O 10. Bd3 g6 11. O-O Bg7 12. b4 a5 13. b5 c5 14. a4 Nd7 15.
Be2 Re8 16. Rfd1 c4 17. Rab1 f5 18. g3 Rc8 19. Ne1 Nf6 20. Ng2 Ne4 21. Nxe4
fxe4 22. Bf1 g5 23. Ne1 Rc7 24. Qc3 Rf7 25. Rd2 Bf8 26. Nc2 Re6 27. Bg2 Rh6 28.
Rf1 g4 29. f4 gxf3 30. Bh1 Qg5 31. Rff2 Bd6 32. Bg2 fxg2 33. Rxg2 Rhf6 0-1

[Event "37. Copenhagen Open (Politiken Cup)"]
[Site "Elsinore"]
[Date "2015.08.01"]
[Round "9"]
[White "Jorgensen, Dennis"]
[Black "De Strycker, Nathan"]
[Result "1/2-1/2"]
[WhiteElo "2253"]
[BlackElo "2097"]
[PlyCount "64"]
[EventDate "2015.07.25"]
[EventType "swiss"]
[EventRounds "10"]
[EventCountry "DEN"]
[Source "ChessBase"]
[SourceDate "2015.09.14"]

1. d4 d5 2. Nf3 Nf6 3. g3 g6 4. Bg2 Bg7 5. O-O O-O 6. c4 c6 7. cxd5 cxd5 8. Nc3
Ne4 9. Ne5 Nxc3 10. bxc3 e6 11. Bf4 Nd7 12. Nd3 Nf6 13. Be5 Qa5 14. Qc2 b6 15.
Bd6 Re8 16. Bb4 Qa6 17. a4 Bd7 18. a5 Qb7 19. Rfb1 Qc7 20. Ne5 Rac8 21. Qb2 Ne4
22. axb6 axb6 23. f3 Nd6 24. Bxd6 Qxd6 25. Nd3 e5 26. e3 exd4 27. exd4 Bf5 28.
Qd2 Qc6 29. Ra3 Qc4 30. Bf1 Qc7 31. Re1 Rxe1 32. Qxe1 Bf8 1/2-1/2

[Event "37. Copenhagen Open (Politiken Cup)"]
[Site "Elsinore"]
[Date "2015.08.01"]
[Round "9"]
[White "Jorgensen, Orla Eilegaard"]
[Black "Kvamme, Ingrid Jodre"]
[Result "1-0"]
[WhiteElo "1656"]
[BlackElo "1351"]
[PlyCount "97"]
[EventDate "2015.07.25"]
[EventType "swiss"]
[EventRounds "10"]
[EventCountry "DEN"]
[Source "ChessBase"]
[SourceDate "2015.09.14"]

1. e4 c5 2. Nc3 Nc6 3. f4 e6 4. Nf3 a6 5. d4 cxd4 6. Nxd4 d5 7. e5 Nge7 8. Be2
Nxd4 9. Qxd4 Nc6 10. Qd1 Be7 11. O-O O-O 12. a3 Bd7 13. Bd3 Rc8 14. Rf3 f6 15.
Rh3 g6 16. Rg3 Be8 17. Qh5 f5 18. Qh6 Rf7 19. Qh5 Bh4 20. Rxg6+ hxg6 21. Qxg6+
Rg7 22. Qxe6+ Bf7 23. Qxf5 Ne7 24. Qh3 Nc6 25. e6 Be8 26. f5 Qb6+ 27. Kh1 Qd4
28. Be2 Ne7 29. Be3 Qf6 30. Bd3 Bc6 31. Bf4 d4 32. Ne4 Bxe4 33. Bxe4 b5 34. Rd1
Rd8 35. g4 Bg5 36. Bc7 Rc8 37. Bb6 Rh7 38. Qg2 Be3 39. b4 Qe5 40. h3 Nc6 41.
Bxc6 Rxc6 42. Bc5 Rc8 43. Rf1 d3 44. cxd3 Bxc5 45. bxc5 Rxc5 46. g5 Rc2 47.
Qa8+ Kg7 48. f6+ Kg6 49. Qe8+ 1-0

[Event "37. Copenhagen Open (Politiken Cup)"]
[Site "Elsinore"]
[Date "2015.08.01"]
[Round "9"]
[White "Justinussen, Sigurd B"]
[Black "Vatnestrom, Leo Andreas Giske"]
[Result "1-0"]
[WhiteElo "1959"]
[BlackElo "1628"]
[PlyCount "97"]
[EventDate "2015.07.25"]
[EventType "swiss"]
[EventRounds "10"]
[EventCountry "DEN"]
[Source "ChessBase"]
[SourceDate "2015.09.14"]

1. e4 e6 2. d4 d5 3. Bd3 Nf6 4. exd5 exd5 5. Nf3 Bd6 6. O-O O-O 7. Bg5 Bg4 8.
Nbd2 Nbd7 9. c3 c6 10. Qc2 Qc7 11. Bf5 Bxf3 12. Nxf3 g6 13. Bd3 Rfe8 14. Rfe1
Bf4 15. Bh4 a5 16. b3 Rac8 17. c4 Qd6 18. c5 Qc7 19. a3 b6 20. b4 bxc5 21. bxc5
Rxe1+ 22. Rxe1 Re8 23. Rxe8+ Nxe8 24. Qe2 Ng7 25. g3 Bh6 26. Qe7 Ne6 27. Qe8+
Ndf8 28. Be7 Qd7 29. Qxd7 Nxd7 30. Ba6 Bg7 31. Bc8 Ndf8 32. Bb7 Bxd4 33. Bxc6
Bxc5 34. Bxc5 Nxc5 35. Bxd5 Nfd7 36. Ng5 h6 37. Nxf7 Nb6 38. Ba2 Kg7 39. Ne5
Kf6 40. f4 Nbd7 41. Ng4+ Kg7 42. Kf2 g5 43. fxg5 hxg5 44. Ke3 Kg6 45. Kd4 Kf5
46. Ne3+ Kf6 47. Nd5+ Kf5 48. Ne3+ Kf6 49. Bd5 1-0

[Event "37. Copenhagen Open (Politiken Cup)"]
[Site "Elsinore"]
[Date "2015.08.01"]
[Round "9"]
[White "Kaasen, Tor Fredrik"]
[Black "Christensen, Bo Garner"]
[Result "0-1"]
[WhiteElo "2026"]
[BlackElo "2215"]
[PlyCount "80"]
[EventDate "2015.07.25"]
[EventType "swiss"]
[EventRounds "10"]
[EventCountry "DEN"]
[Source "ChessBase"]
[SourceDate "2015.09.14"]

1. d4 Nf6 2. Bg5 Ne4 3. Bf4 c5 4. f3 Nf6 5. d5 d6 6. e4 g6 7. c4 Nbd7 8. Nc3
Bg7 9. Qd2 h6 10. h4 Nh5 11. Bh2 g5 12. g4 Nf4 13. Bxf4 gxf4 14. Nh3 Ne5 15.
Be2 h5 16. Nxf4 hxg4 17. fxg4 Bxg4 18. Bxg4 Nxg4 19. Qg2 Rg8 20. Qf3 Qa5 21.
O-O-O Ne5 22. Qh3 Bh6 23. Qf5 Rg4 24. Rhf1 Qb4 25. Kb1 Bxf4 26. Rxf4 Rxf4 27.
Qxf4 O-O-O 28. Rg1 Qxc4 29. Qf5+ Kc7 30. h5 Qd3+ 31. Ka1 Qd2 32. Nb5+ Kb6 33.
Na3 Qh2 34. Qf1 Nd3 35. Nc4+ Kc7 36. Rg2 Qh3 37. a4 Rg8 38. Rf2 Nxf2 39. Qxf2
Qh1+ 40. Ka2 Qxe4 0-1

[Event "37. Copenhagen Open (Politiken Cup)"]
[Site "Elsinore"]
[Date "2015.08.01"]
[Round "9"]
[White "Kakulidis, Ellen"]
[Black "Strachan, Christian C"]
[Result "1/2-1/2"]
[WhiteElo "1770"]
[BlackElo "1884"]
[PlyCount "87"]
[EventDate "2015.07.25"]
[EventType "swiss"]
[EventRounds "10"]
[EventCountry "DEN"]
[Source "ChessBase"]
[SourceDate "2015.09.14"]

1. d4 d5 2. c4 c6 3. Nf3 Nf6 4. Nc3 a6 5. Ne5 Bf5 6. Bf4 e6 7. e3 Nbd7 8. Be2
Be7 9. O-O O-O 10. a3 Nxe5 11. Bxe5 Nd7 12. Bg3 Re8 13. b4 dxc4 14. Bxc4 a5 15.
Qb3 Nb6 16. Be2 Nd5 17. Nxd5 exd5 18. Rfc1 axb4 19. axb4 Qb6 20. b5 Rec8 21. h3
h6 22. Ra2 Be6 23. Rxa8 Rxa8 24. Qb1 c5 25. dxc5 Bxc5 26. Be5 Rc8 27. Qb2 f6
28. Bd4 Qd6 29. Bxc5 Rxc5 30. Rc2 b6 31. Qa3 Qc7 32. Rxc5 bxc5 33. Qa8+ Kf7 34.
Bh5+ g6 35. Bf3 d4 36. exd4 cxd4 37. Bd5 d3 38. Bxe6+ Kxe6 39. Qe4+ Qe5 40.
Qxd3 Qe1+ 41. Qf1 Qxf1+ 42. Kxf1 Kd6 43. Ke2 Kc5 44. Ke3 1/2-1/2

[Event "37. Copenhagen Open (Politiken Cup)"]
[Site "Elsinore"]
[Date "2015.08.01"]
[Round "9"]
[White "Klitgaard, Ebbe"]
[Black "Zakariassen, Tom"]
[Result "1/2-1/2"]
[WhiteElo "1961"]
[BlackElo "1798"]
[PlyCount "54"]
[EventDate "2015.07.25"]
[EventType "swiss"]
[EventRounds "10"]
[EventCountry "DEN"]
[Source "ChessBase"]
[SourceDate "2015.09.14"]

1. c4 Nf6 2. Nc3 g6 3. g3 Bg7 4. Bg2 O-O 5. e3 e6 6. Nge2 d5 7. cxd5 Nxd5 8.
Nxd5 exd5 9. d4 c6 10. O-O Nd7 11. Bd2 Nf6 12. Nc3 Be6 13. Rc1 Qd7 14. Na4 b6
15. Nc3 Bh3 16. b4 Bxg2 17. Kxg2 Rfc8 18. a4 c5 19. bxc5 bxc5 20. dxc5 Rxc5 21.
Nb5 Rac8 22. Rxc5 Rxc5 23. Bb4 Rc4 24. Qb3 Rh4 25. gxh4 Qg4+ 26. Kh1 Qf3+ 27.
Kg1 Qg4+ 1/2-1/2

[Event "37. Copenhagen Open (Politiken Cup)"]
[Site "Elsinore"]
[Date "2015.08.01"]
[Round "9"]
[White "Kollars, Dmitrij"]
[Black "Royset, Pal"]
[Result "1-0"]
[WhiteElo "2437"]
[BlackElo "2236"]
[PlyCount "101"]
[EventDate "2015.07.25"]
[EventType "swiss"]
[EventRounds "10"]
[EventCountry "DEN"]
[Source "ChessBase"]
[SourceDate "2015.09.14"]

1. c4 Nf6 2. g3 e5 3. Bg2 Nc6 4. Nc3 g6 5. e4 Bg7 6. Nge2 O-O 7. O-O d6 8. d3
Nd7 9. Be3 Nd4 10. Bxd4 exd4 11. Nb5 a6 12. Nbxd4 c5 13. Nc2 Bxb2 14. Rb1 Bg7
15. Ne3 b5 16. e5 Rb8 17. exd6 Ne5 18. cxb5 axb5 19. d4 cxd4 20. Nxd4 Bd7 21.
Rc1 Rb6 22. Nb3 Be6 23. Nc5 Bc8 24. Ne4 Bb7 25. Nd5 Ra6 26. Qb3 Rxd6 27. Nxd6
Qxd6 28. Qxb5 Ba6 29. Qb6 Qxb6 30. Nxb6 Bxf1 31. Kxf1 Nd3 32. Rd1 Nb2 33. Rd6
Be5 34. Rc6 Bd4 35. Bd5 Nd3 36. f4 Rd8 37. Bb3 Nb4 38. Rc4 Nd3 39. Nd5 Bb2 40.
Rc7 Re8 41. Nf6+ Bxf6 42. Bxf7+ Kf8 43. Bxe8 Kxe8 44. Rxh7 Nc5 45. Ke2 Bd4 46.
Kf3 Kf8 47. Rc7 Ne6 48. Rb7 Bg1 49. h4 Nc5 50. Rc7 Ke8 51. Rg7 1-0

[Event "37. Copenhagen Open (Politiken Cup)"]
[Site "Elsinore"]
[Date "2015.08.01"]
[Round "9"]
[White "Kramer, Julian"]
[Black "Hector, Jonny"]
[Result "1/2-1/2"]
[WhiteElo "2312"]
[BlackElo "2485"]
[PlyCount "81"]
[EventDate "2015.07.25"]
[EventType "swiss"]
[EventRounds "10"]
[EventCountry "DEN"]
[Source "ChessBase"]
[SourceDate "2015.09.14"]

1. e4 e5 2. Nf3 Nc6 3. Bb5 a6 4. Ba4 Nf6 5. O-O b5 6. Bb3 Bc5 7. d3 O-O 8. Nc3
h6 9. Be3 Bxe3 10. fxe3 d6 11. a3 Ne7 12. Nh4 Kh7 13. Qf3 c6 14. h3 Be6 15. d4
exd4 16. exd4 Qb6 17. Rad1 c5 18. Bxe6 fxe6 19. Qe3 cxd4 20. Qxd4 Rab8 21. Rf2
a5 22. Qxb6 Rxb6 23. Rfd2 b4 24. Na4 Rc6 25. Rxd6 bxa3 26. Rxc6 Nxc6 27. bxa3
Nxe4 28. Nf3 Rf4 29. c4 Ng3 30. Nb6 e5 31. Kf2 Nh5 32. Ke3 Rf8 33. Rd6 Ne7 34.
g4 Ng3 35. Re6 Nf1+ 36. Ke4 Ng3+ 37. Ke3 Nf1+ 38. Ke4 Ng3+ 39. Ke3 Nf1+ 40. Ke4
Ng3+ 41. Ke3 1/2-1/2

[Event "37. Copenhagen Open (Politiken Cup)"]
[Site "Elsinore"]
[Date "2015.08.01"]
[Round "9"]
[White "Kristiansen, Jesper2"]
[Black "Olsen, Aage Dalstrup"]
[Result "1-0"]
[WhiteElo "2051"]
[BlackElo "1735"]
[PlyCount "45"]
[EventDate "2015.07.25"]
[EventType "swiss"]
[EventRounds "10"]
[EventCountry "DEN"]
[Source "ChessBase"]
[SourceDate "2015.09.14"]

1. Nf3 g6 2. e4 Bg7 3. d4 d6 4. Nc3 Nd7 5. Be3 e5 6. Qd2 c6 7. O-O-O Qe7 8.
dxe5 dxe5 9. h4 Ngf6 10. Bh6 Bxh6 11. Qxh6 Ng4 12. Qd2 Nc5 13. h5 Bd7 14. hxg6
fxg6 15. Bc4 O-O-O 16. Qe2 Ne6 17. g3 Qc5 18. Rxd7 Kxd7 19. Bxe6+ Kxe6 20. Ng5+
Kf6 21. Qxg4 h5 22. Qh4 Qxf2 23. Nh3+ 1-0

[Event "37. Copenhagen Open (Politiken Cup)"]
[Site "Elsinore"]
[Date "2015.08.01"]
[Round "9"]
[White "Kvisvik, Brede Alexander"]
[Black "Merkesvik, Sondre"]
[Result "1/2-1/2"]
[WhiteElo "2304"]
[BlackElo "2130"]
[PlyCount "132"]
[EventDate "2015.07.25"]
[EventType "swiss"]
[EventRounds "10"]
[EventCountry "DEN"]
[Source "ChessBase"]
[SourceDate "2015.09.14"]

1. d4 Nf6 2. Nf3 g6 3. c4 Bg7 4. e3 O-O 5. Be2 d5 6. cxd5 Nxd5 7. e4 Nb6 8. O-O
Bg4 9. Nbd2 e5 10. Nxe5 Bxe2 11. Qxe2 Qxd4 12. Ndf3 Qd6 13. Bf4 Qe7 14. Rac1 c6
15. Rfd1 Re8 16. Qe3 N8d7 17. Bg5 Qe6 18. Nxd7 Nxd7 19. Bh6 Nf6 20. Bxg7 Kxg7
21. e5 Ng4 22. Qc3 Nxe5 23. Re1 f6 24. Nxe5 fxe5 25. f4 Rad8 26. Rxe5 Qf6 27.
Rce1 Rxe5 28. fxe5 Qe6 29. h3 Rd7 30. Kh1 h6 31. a4 h5 32. Rf1 Re7 33. Re1 Rd7
34. a5 b6 35. b4 Kh7 36. Qe3 bxa5 37. bxa5 Kg7 38. a6 Rf7 39. Qc5 Rd7 40. Rb1
Qa2 41. Rb8 Rf7 42. Qd4 c5 43. Qc3 Qe6 44. Rb7 c4 45. Qd4 Kh6 46. Qe3+ g5 47.
Kg1 Rf5 48. Qxa7 Qxe5 49. Re7 Qc5+ 50. Qxc5 Rxc5 51. a7 Ra5 52. Kf2 c3 53. Re6+
Kg7 54. Re5 Rxa7 55. Rxg5+ Kh6 56. Rc5 Ra2+ 57. Kf3 c2 58. g3 Kg6 59. h4 Kf6
60. Rc8 Ra3+ 61. Kf2 Ra2 62. Rc6+ Kf5 63. Kf3 Ra3+ 64. Kf2 Ra2 65. Kf3 Ra3+ 66.
Kf2 Ra2 1/2-1/2